000 00478nam a22001937a 4500
003 MPLRDC
005 20220104125433.0
008 210129b ||||| |||| 00| 0 eng d
020 _a957-9149-17-8
082 _a544.361 YJY
100 _a杨锦郁译
245 _a婚姻破茧
_c
250 _a二版三刷
260 _a
_b培根文化事业股份有限
_c1993
300 _b
490 _a新女性丛书. 6
650 _a婚姻--离婚
942 _cBK
_o544.361 YJY
999 _c27357
_d27347